| 000 | 00769nam a2200253 a 4500 | ||
|---|---|---|---|
| 005 | 20240910063932.0 | ||
| 008 | 140620s2002 es r 000 0 spa d | ||
| 020 | _a842612268X | ||
| 035 | _aUPN01000198153 | ||
| 049 | _aI | ||
| 050 | 4 |
_aPZ36.3 _bB7.2 2002 |
|
| 100 | 1 |
_aBröger, Achim, _d1944- _935632 |
|
| 245 | 1 | 0 |
_aAdiós querida ballena / _cAchim Bröger ; il. Gisela Kalow ; tr. Herminia Dauer. |
| 250 | _a6a ed. | ||
| 260 |
_aBarcelona, Esp. : _bJuventud, _c2002. |
||
| 300 |
_a[28] p. : _bil. col. |
||
| 440 | 0 | _aCuadrada | |
| 534 |
_pTítulo original: _tTschus, lieber wal |
||
| 650 | 0 |
_aAnimales _vCuentos y leyendas _9234 |
|
| 650 | 4 |
_aCuentos infantiles alemanes _98589 |
|
| 700 | 1 |
_aKalow, Gisela, _eil. |
|
| 905 | _aInfantil | ||
| 999 |
_c170254 _d170254 |
||